Quick Pick: US President Birth Years Quiz Stats

 Plays Quiz Updated Oct 14, 2016

Challenge
Share
Tweet
Score 0/9 Timer 01:00
0 Plays Today
% Correct
Barack Obama
95.9%
Bill Clinton
94.7%
George Washington
88.7%
John F. Kennedy
87.9%
Ronald Reagan
85.4%
Thomas Jefferson
80.5%
Dwight D. Eisenhower
75.8%
Theodore Roosevelt
70.1%
Ulysses S. Grant
68%

Today's Daily Dose

Missing Word
Top 10 Artists

Word Ladder
'70s Song II

On This Day
October 20th II

You're not logged in!

Compare scores with friends on all Sporcle quizzes.
Join for Free
OR
Log In

You Might Also Like...

Show Comments

Extras

Top Quizzes Today


Score Distribution

Your Account Isn't Verified!

In order to create a playlist on Sporcle, you need to verify the email address you used during registration. Go to your Sporcle Settings to finish the process.

Report this User

Report this user for behavior that violates our Community Guidelines.

Details: